| 000 | 01222cam a2200289 a 4500 | ||
|---|---|---|---|
| 999 |
_c57740 _d57740 |
||
| 001 | 15883772 | ||
| 005 | 20201021132854.0 | ||
| 008 | 090827s2009 ne a b 001 0 eng | ||
| 010 | _a 2009035932 | ||
| 020 | _a9789027224323 | ||
| 035 | _a(OCoLC)ocn434613491 | ||
| 041 | _aeng | ||
| 080 | _a81'25 G-45 | ||
| 100 | 1 |
_aGile, Daniel. _99643 |
|
| 245 | 1 | 0 |
_aBasic concepts and models for interpreter and translator training / _cDaniel Gile. _bVolume 8 |
| 264 |
_aAmsterdam : _bJohn Benjamins Pub. Co., _c2009. |
||
| 300 |
_a283 p. : _bill. ; _c25 cm. |
||
| 490 | 1 |
_aBenjamins translation library, _x0929-7316 ; _vv. 8. _aEST suberies |
|
| 650 | 0 |
_aTranslators _xTraining of. _99644 |
|
| 650 | 0 |
_aTranslating and interpreting. _99634 |
|
| 653 | _aთარჯიმნისა და თარჯიმნის ტრენინგის ძირითადი ცნებები და მოდელები | ||
| 653 | _aლინგვისტიკა | ||
| 830 | 0 |
_aBenjamins translation library ; _vv. 8. _99632 |
|
| 830 | 0 |
_aBenjamins translation library. _pEST subseries. _99645 |
|
| 942 |
_2udc _cBK |
||
| 955 |
_bce04 2009-08-27 _ice04 2009-08-27 to Dewey _axe10 2010-03-10 1 copy rec'd., to CIP ver. |
||